| 000 | 01578cam a22003494i 4500 | ||
|---|---|---|---|
| 003 | PE-LiUPU | ||
| 005 | 20250731184052.0 | ||
| 008 | 160926s r 000 0 spa d | ||
| 020 | _a9789871222728 | ||
| 035 | _a(Sirsi) a163772 | ||
| 049 | _aPRUA | ||
| 082 | 0 | 4 |
_a864 _bL31 |
| 100 | 1 |
_aLavagna, Roberto, _eautor. |
|
| 245 | 1 | 3 |
_aLa Argentina que merecemos / _cRoberto Lavagna. |
| 264 |
_aBuenos Aires : _bEds _c2007. |
||
| 300 |
_a287 páginas ; _c23 centímetros. |
||
| 336 |
_atext _2rdacontent |
||
| 337 |
_aunmediated _2rdamedia |
||
| 338 |
_avolume _2rdacarrier |
||
| 505 | 0 | _aEl primer desafío: mantener el crecimiento -- Definiciones estretégicas para consolidar el crecimiento -- Energía para el crecimiento (un plan de mediano y largo plazo) -- Desarrollo sustentable, medio ambiente y calidad de vida -- El segundo desafío: promover humano y social (la deuda social) -- La deuda social -- Vivienda social -- Educación para todos -- Salud solidaria -- Seguridad ciudadana -- El tercer desafío: Mejorar la calidad institucional -- La situación institucional -- La argentina y el mundo. | |
| 526 | _aP145 | ||
| 526 | _aP127 | ||
| 526 | _aP97 | ||
| 526 | _aP14 | ||
| 526 | _aP07 | ||
| 650 | 1 | 4 |
_aArgentina _xCondiciones económicas _y1983-. |
| 650 | 2 | 4 |
_aEconomía _xHistoria. |
| 596 | _a1 | ||
| 942 |
_2ddc _cBOOK |
||
| 999 |
_a864 L31 _wDEWEY _c12634 _i74527 _f2021-11-9 _g5 _lCCODEBUL1 _mBUL _r0 _sY _tBOOK _u2016-9-26 _xEDUCACION _zUNKNOWN _0COMPRA _o.STAFF. Colección FACIHED _d12634 |
||
| 980 |
_81 _gALBERTO SANCHEZ Responsable de Automatización |
||